00766nam a2200229 a 4500001001000000003000500010005001700015008004100032010001100073011001100084020001800095040000900113082001600122100003200138245018400170260004400354300001800398650002300416650002500439700004300464700002900507000113848CHAP20220329144415.0171002s2015 sp a |r ||||||spa d a110309 a111281 a9788428335362 cCHAP04a745.92bC961 aCuevas González, Gabriela10aOperaciones auxiliares en la elaboración de composiciones con flores y plantas /cpor Gabriela Cuevas González, Ángela García Manso y Rosario Miralles de Imperial Hornedo. aEspaña :bEdiciones Paraninfo,c2015. a205 p. :bil.14aArreglos florales.14aDecoración floral.0 aMiralles de Imperial Hornedo, Rosario.1 aGarcía Manso, Ángela